Library Banner

Dalil faharas almakhutaat / (Record no. 101348)

MARC details
000 -LEADER
fixed length control field 00343nam a22001337a 4500
005 - DATE AND TIME OF LATEST TRANSACTION
control field 20180103122207.0
008 - FIXED-LENGTH DATA ELEMENTS--GENERAL INFORMATION
fixed length control field 180103b xxu||||| |||| 00| 0 eng d
040 ## - CATALOGING SOURCE
Transcribing agency PK-LaUMT
082 ## - DEWEY DECIMAL CLASSIFICATION NUMBER
Classification number PKAC 297.016
Item number DAL-
245 ## - TITLE STATEMENT
Title Dalil faharas almakhutaat /
260 ## - PUBLICATION, DISTRIBUTION, ETC. (IMPRINT)
Place of publication, distribution, etc عمان:
Name of publisher, distributor, etc موسسۃ آل بیت،
Date of publication, distribution, etc 1985
300 ## - PHYSICAL DESCRIPTION
Extent 272 ص
942 ## - ADDED ENTRY ELEMENTS (KOHA)
Koha item type Books
Holdings
Withdrawn status Lost status Damaged status Home library Current library Date acquired Full call number Barcode Date last seen Price effective from Koha item type
      UMT Main Campus UMT Main Campus 2018-01-03 PKAC 297.016 DAL- 117200 2018-01-03 2018-01-03 Books